Sermones panegíricos de Mr. Santiago Francisco René de Latourdupin, abad comendatorio de la abadía de nuestra Señora de Ambournai, vicario general de Riez, predicador ordinario del Rey, y de la Academia de las Ciencias y Bellas Letras de Nanci / traducidos del frances por D. Torquato de la Riva, escritor de los privilegios de indios, revisor de letras antiguos por S. M. y oficial del archivo del Excelentísimo Señor Marques de Astorga, conde de Altamira, etc.

Detalles Bibliográficos
Autor principal: Latourdupin, Santiago Francisco René
Otros Autores: Torío de la Riva y Herrero, Torcuato, 1759-1820, tr
Formato: Libro
Lenguaje:Spanish
Publicado: Madrid : en la imprenta de la viuda de Ibarra, 1796-
Edición:Segunda impresion corregida y enmendada
Materias:
Colección:Banco de datos
Acervo:Biblioteca Félix de Jesús Rougier de los Misioneros del Espíritu Santo. Fondo Antiguo
Descripción Física:t. ; 8°
Tema general:Homilética
Notas:Portada tipográfica con monograma del impresor en grabado xilográfico. Incluye cabecera de título en grabado xilográfico. Incluye capitular en grabado xilográfico. Tomo con portada y numeración propias. Año del t. 1 publicado en 1796. Paginación: t. 1 312 p. Encuadernación en piel sobre cartón. Sello troquelado de José Joaquín Silva. Sello en tinta de la Biblioteca Félix de Jesús Rougier. Daños de polilla
LEADER 01601nam a22002050004500
035 |a 402 
041 0 |a spa 
100 1 |a Latourdupin, Santiago Francisco René 
245 1 0 |a Sermones panegíricos de Mr. Santiago Francisco René de Latourdupin, abad comendatorio de la abadía de nuestra Señora de Ambournai, vicario general de Riez, predicador ordinario del Rey, y de la Academia de las Ciencias y Bellas Letras de Nanci / traducidos del frances por D. Torquato de la Riva, escritor de los privilegios de indios, revisor de letras antiguos por S. M. y oficial del archivo del Excelentísimo Señor Marques de Astorga, conde de Altamira, etc.  
250 |a Segunda impresion corregida y enmendada 
260 |a Madrid : en la imprenta de la viuda de Ibarra, 1796- 
300 |a  t. ; 8° 
500 |a Portada tipográfica con monograma del impresor en grabado xilográfico. Incluye cabecera de título en grabado xilográfico. Incluye capitular en grabado xilográfico. Tomo con portada y numeración propias. Año del t. 1 publicado en 1796. Paginación: t. 1 312 p. Encuadernación en piel sobre cartón. Sello troquelado de José Joaquín Silva. Sello en tinta de la Biblioteca Félix de Jesús Rougier. Daños de polilla 
504 |a Al final de la obra está el índice de contenido 
650 1 0 |a Homilética 
700 1 |a Torío de la Riva y Herrero, Torcuato, 1759-1820, tr. 
949 |a Biblioteca Félix de Jesús Rougier, Fondo Antiguo t. 1 (663) 
942 |c ROUGIER 
943 |g Biblioteca Félix de Jesús Rougier de los Misioneros del Espíritu Santo. Fondo Antiguo 
999 |c 945421  |d 945421